<?xml version="1.0" encoding="UTF-8"?>
<record
    xmlns:xsi="http://www.w3.org/2001/XMLSchema-instance"
    xsi:schemaLocation="http://www.loc.gov/MARC21/slim http://www.loc.gov/standards/marcxml/schema/MARC21slim.xsd"
    xmlns="http://www.loc.gov/MARC21/slim">

  <leader>01853nam a22002777a 4500</leader>
  <controlfield tag="008">251020b        |||||||| |||| 00| 0 eng d</controlfield>
  <datafield tag="020" ind1=" " ind2=" ">
    <subfield code="a">9782253940920</subfield>
  </datafield>
  <datafield tag="040" ind1=" " ind2=" ">
    <subfield code="c">TBS</subfield>
  </datafield>
  <datafield tag="041" ind1=" " ind2=" ">
    <subfield code="a">fre</subfield>
    <subfield code="h">jpn</subfield>
  </datafield>
  <datafield tag="100" ind1=" " ind2=" ">
    <subfield code="a">Kawaguchi, Toshikazu</subfield>
    <subfield code="d">1971-</subfield>
    <subfield code="9">24017</subfield>
    <subfield code="e">author</subfield>
  </datafield>
  <datafield tag="240" ind1=" " ind2=" ">
    <subfield code="a">K&#x14D;h&#x12B; ga samenai uchi ni.</subfield>
    <subfield code="l">French.</subfield>
  </datafield>
  <datafield tag="245" ind1=" " ind2=" ">
    <subfield code="a">Tant que le caf&#xE9; est encore chaud</subfield>
    <subfield code="c">/ Toshikazu Kawaguchi ; translated by Miyako Slocombe.</subfield>
  </datafield>
  <datafield tag="300" ind1=" " ind2=" ">
    <subfield code="a">238 pages ;</subfield>
    <subfield code="c">18 cm.</subfield>
  </datafield>
  <datafield tag="520" ind1=" " ind2=" ">
    <subfield code="a">&#xC0; Tokyo se trouve un petit &#xE9;tablissement au sujet duquel circulent mille l&#xE9;gendes. On raconte notamment qu'en y d&#xE9;gustant un d&#xE9;licieux caf&#xE9;, on peut retourner dans le pass&#xE9;. Mais ce voyage comporte des r&#xE8;gles : il ne changera pas le pr&#xE9;sent et dure tant que le caf&#xE9; est encore chaud. Quatre femmes vont vivre cette singuli&#xE8;re exp&#xE9;rience et comprendre que le pr&#xE9;sent importe davantage que le pass&#xE9; et ses regrets. Comme le caf&#xE9;, il faut en savourer chaque gorg&#xE9;e.</subfield>
  </datafield>
  <datafield tag="520" ind1=" " ind2=" ">
    <subfield code="a">In a back alley in Tokyo, there is a caf&#xE9; which has been serving carefully brewed coffee for more than one hundred years. But this coffee shop offers its customers a unique experience: the chance to travel back in time... we meet four visitors, each of whom is hoping to make use of the caf&#xE9;'s time-travelling offer... But customers must sit in a particular seat, they cannot leave the caf&#xE9;, and they must return to the present before the coffee gets cold</subfield>
  </datafield>
  <datafield tag="650" ind1=" " ind2="0">
    <subfield code="a">Coffee shops</subfield>
    <subfield code="z">Japan</subfield>
    <subfield code="z">Tokyo</subfield>
    <subfield code="v">Fiction</subfield>
    <subfield code="9">26226</subfield>
  </datafield>
  <datafield tag="650" ind1=" " ind2="0">
    <subfield code="a">Imagination</subfield>
    <subfield code="v">Fiction</subfield>
    <subfield code="9">26227</subfield>
  </datafield>
  <datafield tag="650" ind1=" " ind2="0">
    <subfield code="a">Time reversal</subfield>
    <subfield code="v">Fiction</subfield>
    <subfield code="9">26228</subfield>
  </datafield>
  <datafield tag="650" ind1=" " ind2="0">
    <subfield code="a">Time travel</subfield>
    <subfield code="v">Fiction</subfield>
    <subfield code="9">22838</subfield>
  </datafield>
  <datafield tag="650" ind1=" " ind2="0">
    <subfield code="a">Interpersonal relations</subfield>
    <subfield code="v">Fiction</subfield>
    <subfield code="9">24021</subfield>
  </datafield>
  <datafield tag="655" ind1=" " ind2="0">
    <subfield code="a">Fantasy fiction</subfield>
    <subfield code="9">22510</subfield>
  </datafield>
  <datafield tag="655" ind1=" " ind2="0">
    <subfield code="a">Magic realist fiction</subfield>
    <subfield code="9">24024</subfield>
  </datafield>
  <datafield tag="655" ind1=" " ind2="0">
    <subfield code="a">Time-travel fiction</subfield>
    <subfield code="9">24023</subfield>
  </datafield>
  <datafield tag="700" ind1=" " ind2=" ">
    <subfield code="a">Slocombe, Miyako</subfield>
    <subfield code="9">26229</subfield>
    <subfield code="e">translator</subfield>
  </datafield>
  <datafield tag="942" ind1=" " ind2=" ">
    <subfield code="2">lcc</subfield>
  </datafield>
  <datafield tag="952" ind1=" " ind2=" ">
    <subfield code="0">0</subfield>
    <subfield code="1">0</subfield>
    <subfield code="2">lcc</subfield>
    <subfield code="4">0</subfield>
    <subfield code="7">0</subfield>
    <subfield code="a">TBS</subfield>
    <subfield code="b">TBS</subfield>
    <subfield code="d">2025-10-20</subfield>
    <subfield code="l">2</subfield>
    <subfield code="o">P-FR KAW</subfield>
    <subfield code="p">B06050</subfield>
    <subfield code="r">2026-04-28</subfield>
    <subfield code="s">2026-04-10</subfield>
    <subfield code="t">1</subfield>
    <subfield code="w">2025-10-20</subfield>
    <subfield code="y">1</subfield>
  </datafield>
  <datafield tag="999" ind1=" " ind2=" ">
    <subfield code="c">5067</subfield>
    <subfield code="d">5067</subfield>
  </datafield>
</record>
